Top 50 Baby Boy Names Beginning with R - Statistics

General Stats
  • This quiz has been taken 761 times
  • The average score is 21 of 50
Answer Stats
Hint Answer % Correct
9 Richard
87%
3 Robert
87%
46 Ray
85%
49 Ramon
79%
14 Raymond
79%
1 Ryan
78%
33 Ronald
77%
45 Ricky
62%
2 Roman
61%
12 Riley
59%
38 Reece
54%
48 Reese
54%
25 Rhys
54%
43 Roger
53%
35 Roland
53%
5 Rowan
53%
32 Rowen
53%
17 Ricardo
52%
26 Roberto
51%
36 Roy
50%
6 River
47%
4 Ryder
46%
50 Remi
44%
18 Remy
44%
44 Rex
41%
16 Rylan
40%
11 Rafael
39%
30 Raphael
39%
19 Russell
39%
28 Ruben
38%
20 Romeo
35%
7 Ryker
34%
27 Reed
32%
15 Reid
32%
13 Ronan
30%
21 Ronin
30%
34 Raul
29%
8 Rhett
26%
10 Remington
25%
29 Rocco
23%
31 Ryland
23%
22 Raiden
21%
47 Rayden
21%
24 Royce
18%
23 Royal
16%
42 Reign
15%
40 Raylan
14%
37 Rodrigo
14%
41 Ridge
5%
39 Rayan
4%
No matching quizzes found
Score Distribution
Percent of People with Each Score
Percentile by Number Answered
Your Score History
You have not taken this quiz